Normal view
MARC view
- Eagle, Alan
Entry Personal Name
001 - CONTROL NUMBER
- control field: 97254
003 - CONTROL NUMBER IDENTIFIER
- control field: NUST
005 - DATE AND TIME OF LATEST TRANSACTION
- control field: 20220815162809.0
008 - FIXED-LENGTH DATA ELEMENTS
- fixed length control field: 220815|| aca||aabn | a|a d
040 ## - CATALOGING SOURCE
- Original cataloging agency: NUST
- Transcribing agency: NUST
100 ## - HEADING--PERSONAL NAME
- Personal name: Eagle, Alan
670 ## - SOURCE DATA FOUND
- Source citation: Work cat.: (NUST)0: Schmidt, Eric, 1955 April 27- author. 10375, Trillion-dollar coach :
